| 000 | 00607nam a22001937a 4500 | ||
|---|---|---|---|
| 005 | 20251108164651.0 | ||
| 008 | 250721s1998 xx 000 0 ara d | ||
| 082 | 1 | 4 | _a519.53/سام |
| 100 | 1 | _aمسعود، سامي | |
| 245 | 1 | 0 | _aمقدمة في علم الإحصاء الوصفي و التحليلي / |
| 264 | 1 |
_aعمان : _bدار حنين، _c1998. |
|
| 300 | _a418ص | ||
| 650 | 1 | 7 | _aالإحصاء الوصفي |
| 650 | 1 | 7 | _aنظرية الإحتمالات |
| 650 | 1 | 7 | _aالإحصاء الرياضي |
| 700 | 1 | _aالريماوي، أحمد شكري | |
| 942 |
_2ddc _cBK |
||
| 999 |
_c11355 _d11355 |
||